000 00554nam a2200193Ia 4500
003 OSt
005 20231006102235.0
008 210210b1989 xxu||||| |||| 00| 0 eng d
040 _cAL
041 _aKonkani
082 _a891.469 PERM
100 _aPEREIRA (A).
_9136366
245 _aMhojea hatanchi ani vonttanchi kanni.
_bಮ್ಹಜಿ ಹಾತಾಂಚಿ ಆನಿ ವೊಂಟಾಚಿ ಕಾಣಿ
260 _aGoa.
_bGulab Prakaxann.,
_c1989
300 _a167
690 _aKonkani Criticism
_9136367
906 _a050066
942 _2ddc
_cBK
999 _c98437
_d98437